[Event "Barcelona Sant Marti op-B 24th"]
[Site "Barcelona"]
[Date "2024.07.15"]
[Round "3"]
[White "Popovic, Milena"]
[Black "Morales Rubiella, Albert"]
[Result "0-1"]
[WhiteElo "1538"]
[BlackElo "1670"]
[PlyCount "102"]
[EventDate "2024.07.13"]
[EventType "swiss"]
[EventRounds "9"]
[EventCountry "ESP"]
[SourceTitle "EXT 2025"]
[Source "ChessBase"]
[SourceDate "2024.10.14"]
[SourceVersion "1"]
[SourceVersionDate "2024.10.14"]
[SourceQuality "1"]

1. e4 d5 2. e5 e6 3. Bb5+ c6 4. Ba4 Nd7 5. c3 Nxe5 6. d4 Nd7 7. Bf4 Ngf6 8. Nf3 Ne4 9. Nbd2 Ndf6 10. Bc2 Bd6 11. Ne5 0-0 12. Qf3 Nxd2 13. Bxd2 Qc7 14. Bf4 Rd8 15. 0-0-0 a5 16. g4 a4 17. Rde1 a3 18. b3 Qa5 19. h4 Ne4 20. Bxe4 dxe4 21. Rxe4 f6 22. Nc4 Bxf4+ 23. Rxf4 Qd5 24. Nb6 Qxf3 25. Rxf3 Ra6 26. Nxc8 Rxc8 27. b4 Re8 28. Re3 Raa8 29. Rd1 Kf7 30. f4 g6 31. f5 exf5 32. Rxe8 Rxe8 33. gxf5 gxf5 34. Rf1 Re2 35. Kb1 Rb2+ 36. Ka1 Rh2 37. Kb1 Rxh4 38. Rxf5 Rh1+ 39. Kc2 h5 40. Kb3 h4 41. d5 cxd5 42. Rxd5 Ke6 43. Rb5 h3 44. Rxb7 h2 45. Rh7 Rb1+ 46. Kxa3 h1Q 47. Rxh1 Rxh1 48. Ka4 f5 49. b5 f4 50. b6 f3 51. b7 Rb1 0-1